00666 a2200181 4500001000700000020001800007040003200025100002100057245006200078250000900140300000800149362000900157490001800166520023400184650002400418650002300442650001900465120121 a9788561635367 cEscola Canadense de Niteroi aHandford, Martin10aOnde Está Wally? a mais completa coleção de viagens a1 ed bil.0 a20100 aWhere's Wally aO mais completo item de viagem! Cinco fantásticos livros Onde está Wally? reunidos em um único. Aonde quer que vocês viajem, não importa o meio de transporte, juntem-se à busca por Wally. (Grade Level: Kindergarten-6) 4aLiteratura Infantil 4aLivros Interativos 4aProcure e Ache